000 00796cam a22002777a 4500
003 CHAP
005 20220329140302.0
008 971013s1958 r 00010 d
010 _a49777
011 _a50749
035 _a54899
040 _cCHAP
082 _a635.9333
_bR6
100 0 0 _aRockwell, F. F.
_998222
245 1 4 _aThe Rockwell's complete book of roses
260 _aGarden, N. Y. :
_bAmerican Garden Guild,
_c1958
300 _a322 p.
_b: láms. ; Ilus.
590 _aBATCH-UPD
_b10
_c20130110
_lUCH01
_h0651
590 _aCONVERSION
_b10
_c20130109
_lUCH01
_h1327
650 1 4 _aFlores.
_941358
650 1 4 _aRosas.
_999959
700 0 _aGrayson, Esther C.
_950516
901 _aBK
942 _cLIBRO
949 _a635.9333 R6
_bBC
_cLIBRO
_d33724000929824
_eLIBRO
_h65098
_i54899
_so
999 _c49777
_d49777